[Event "ECU-chT U20 Girls"]
[Site "Carpuela"]
[Date "2014.05.04"]
[Round "3.4"]
[White "Alarcon Vergara, Daysy Daniela"]
[Black "Santos Santillan, Loize Angel"]
[Result "0-1"]
[WhiteElo "1584"]
[BlackElo "1470"]
[PlyCount "98"]
[EventDate "2014.05.03"]
[EventType "team-swiss"]
[EventRounds "7"]
[EventCountry "ECU"]
[SourceTitle "CBM 160 Extra"]
[Source "ChessBase"]
[SourceDate "2014.07.01"]
[SourceVersion "1"]
[SourceVersionDate "2014.07.01"]
[SourceQuality "1"]
[WhiteTeam "Orellana (W)"]
[BlackTeam "Los Brios (W)"]
[WhiteTeamCountry "ECU"]
[BlackTeamCountry "ECU"]

1. e4 e6 2. d4 d5 3. exd5 exd5 4. Bd3 Bd6 5. Nf3 Nf6 6. 0-0 0-0 7. Re1 Nbd7 8. Bg5 c6 9. Nbd2 Re8 10. c4 dxc4 11. Nxc4 Bb4 12. Re3 Qc7 13. a3 Be7 14. Qc2 h6 15. Bh7+ Nxh7 16. Bxe7 Ndf6 17. Rae1 Be6 18. Bd6 Qd8 19. Nce5 Qxd6 20. h3 Nd5 21. Nc4 Nxe3 22. Nxe3 Nf6 23. Qc3 Nd5 24. Qd3 Nxe3 25. Rxe3 Rad8 26. Re5 Bd5 27. Qe3 Rxe5 28. dxe5 Qe7 29. Nd4 Qg5 30. g3 Qxe3 31. fxe3 Re8 32. Kf2 Rxe5 33. h4 a6 34. Ne2 Rf5+ 35. Nf4 g5 36. g4 Rf6 37. Kg3 gxf4+ 38. exf4 Re6 39. f5 Re2 40. g5 hxg5 41. hxg5 Rg2+ 42. Kf4 Kg7 43. f6+ Kg6 44. Ke5 Rxg5+ 45. Kd6 Kxf6 46. Kc7 b5 47. Kb6 Ke5 48. b4 f5 49. Kxa6 f4 0-1